|
|
|
|
| LEADER |
00687nta a2200205 i 4500 |
| 001 |
dokt7435 |
| 005 |
20221004155346.0 |
| 008 |
221004s1978 hu om 0|| hun d |
| 040 |
|
|
|a SZTE Doktori Repozitórium
|b hun
|
| 041 |
|
|
|a hun
|
| 100 |
1 |
|
|a Tari Irma
|
| 245 |
1 |
2 |
|a A butachlor herbicid élettani hatása kukorica csíranövényre
|h [elektronikus dokumentum] /
|c Tari Irma
|
| 260 |
|
|
|c 1978
|
| 502 |
|
|
|a Disszertacio
|
| 650 |
|
4 |
|a biológiai tudományok
|
| 650 |
|
4 |
|a Természettudományok
|
| 650 |
|
4 |
|a Biológiai tudományok
|
| 695 |
|
|
|a Növénytan
|
| 700 |
2 |
|
|a S. Köves Erzsébet
|e ths
|
| 856 |
4 |
0 |
|u https://doktori.bibl.u-szeged.hu/id/eprint/7435/1/1978_tari_irma.pdf
|z Dokumentum-elérés
|